Les 40 meilleurs buteurs de la Ligue des Champions - Statistiques

Statistiques générales
  • Ce quiz a été pris 1 827 fois
    78 depuis la dernière actualisation
  • Le résultat moyen est 31 sur 40
Statistiques - réponses
RANG JOUEUR PERIODE CLUB(S) BUTS % Correct
1 Cristiano Ronaldo 2002- Manchester United (21), Real Madrid (105), Juventus (14) 140
100%
4 Karim Benzema 2005- Olympique Lyonnais (12), Real Madrid (78) 90
100%
2 Lionel Messi 2004- FC Barcelone (120), PSG (9) 129
100%
6 Kylian Mbappé 2016- AS Monaco (6), PSG (42), Real Madrid (22) 70
99%
3 Robert Lewandowski 2011- Borussia Dortmund (17), Bayern Munich (69), FC Barcelone (22) 108
97%
8 Erling Haaland 2019- RB Salzbourg (8), Borussia Dormtund (15), Manchester City (34) 57
96%
10 Harry Kane 2011- Tottenham (21), Bayern Munich (33) 54
94%
25 Gerd Müller 1972-1977 Bayern Munich (34) 34
93%
7 Thomas Müller 2009- Bayern Munich (57) 57
93%
19 Antoine Griezmann 2014- Atlético Madrid (40), FC Barcelone (4) 44
91%
20 Neymar Jr 2013- FC Barcelone (21), PSG (22) 43
91%
11 Thierry Henry 1997-2012 AS Monaco (7), Arsenal (35), FC Barcelone (8) 50
91%
12 Mohamed Salah 2012- FC Bâle (2), AS Roma (1), Liverpool (47) 50
88%
14 Zlatan Ibrahimovic 2001-2023 Ajax (6), Juventus (3), Inter Milan (6), FC Barcelone (4), AC Milan (9), PSG (19) 48
88%
5 Raúl 1995-2011 Real Madrid (66), Schalke 04 (5) 71
87%
40 Ousmane Dembélé 2015- Borussia Dortmund (2), FC Barcelone (8), PSG (18) 28
85%
18 Didier Drogba 2003-2015 OM (5), Chelsea (36), Galatasaray (3) 44
84%
23 Edinson Cavani 2011- SSC Napoli (5), PSG (30) 35
82%
26 Vinicius Júnior 2017- Real Madrid (34) 34
82%
22 Sergio Agüero 2008-2021 Atlético Madrid (5), Manchester City (36) 41
81%
29 Kaká 2003-2014 AC Milan (25), Real Madrid (5) 30
79%
30 Wayne Rooney 2004-2015 Manchester United (30) 30
78%
28 Arjen Robben 2002-2018 PSV Eindhoven (3), Chelsea (2), Real Madrid (1), Bayern Munich (25) 31
76%
16 Eusébio 1961-1974 Benfica Lisbonne (46) 46
76%
15 Andriy Shevchenko 1994-2011 Dynamo Kiev (15), AC Milan (29), Chelsea (4) 48
75%
13 Alfredo Di Stéfano 1955-1964 Real Madrid (49) 49
74%
23 Ferenc Puskás 1956-1966 Honved Budapest (1), Real Madrid (35) 36
74%
9 Ruud van Nistelrooy 1998-2009 PSV Eindhoven (8), Manchester United (35), Real Madrid (13) 56
72%
39 Jean-Pierre Papin 1984-2004 OM (19), AC Milan (7), Bayern Munich (2) 28
71%
31 Samuel Eto'o 1999-2014 RDC Mallorca (1), FC Barcelone (16), Inter Milan (10), Chelsea (3) 30
71%
21 Alessandro Del Piero 1995-2009 Juventus (42) 42
68%
38 Ryan Giggs 1991-2014 Manchester United (28) 28
62%
34 Álvaro Morata 2010- Real Madrid (4), Juventus (15), Chelsea (1), Atlético Madrid (8), AC Milan (1) 29
57%
17 Filippo Inzaghi 1997-2010 Juventus (17), AC Milan (29) 46
57%
37 David Trezeguet 1994-2014 AS Monaco (4), Juventus (25) 29
56%
27 Fernando Morientes 1997-2009 Real Madrid (17), AS Monaco (9), Liverpool (1), Valence CF (6) 33
53%
33 Edin Dzeko 2003- VfL Wolfsburg (4), Manchester City (3), AS Roma (15), Inter Milan (7) 29
50%
35 Patrick Kluivert 1994-2008 Ajax (9), FC Barcelone (20) 29
35%
36 Roy Makaay 1993-2010 La Corogne (12), Bayern Munich (17) 29
25%
32 Francisco Gento 1955-1969 Real Madrid (30) 30
22%
Aucun quiz correspondant
Distribution des résultats
% des personnes avec chaque résultat
Percentile par nombre de réponses
Votre historique - résultats
Vous n’avez pas pris ce quiz depuis la dernière actualisation